| Поле | Инд. | ПП | Название | Значение |
|---|---|---|---|---|
| Тип записи | a | |||
| Библиографический уровень | m | |||
| 001 | Контрольный номер | 6eb3ad4393394e3e8b19097eb97f5f88 | ||
| 005 | Дата корректировки | 20241017172423.7 | ||
| 020 | c | Цена, тираж | б.ц. | |
| 080 | a | Индекс УДК | 69 | |
| 080 | a | Индекс УДК | 72 | |
| 084 | a | Индекс другой классификации/Индекс ББК | Щ118 | |
| 090 | x | Авторский знак | Т 78 | |
| a | Полочн. индекс | 69 | ||
| 097 | b | Оператор | *Ж* | |
| b | Оператор | *Вин* | ||
| 245 | 10 | a | Заглавие | Труды НГАСУ |
| b | Продолж. заглавия | в 3 частях | ||
| c | Ответственность | Новосибирский государственный архитектурно-строительный университет (Сибстрин) | ||
| c | Ответственность | редколлегия: Ю.Л. Сколубович (гл. ред.) [и др.] | ||
| n | Номер части/ раздела | Том 26, № 3 (89) | ||
| 260 | a | Место издания | Новосибирск | |
| c | Дата издания | 2023 | ||
| b | Издательство | Новосибирский государственный архитектурно-строительный университет (Сибстрин) | ||
| 300 | a | Объем | 144 с. | |
| 516 | 8_ | a | Прим. о типе комп. файла/ данных | Текст : непосредственный |
| 653 | 0_ | a | Ключевые слова | Строительство |
| a | Ключевые слова | Архитектура | ||
| a | Ключевые слова | Строительные материалы | ||
| 655 | a | Жанр/ форма (устаревшее) | *Н* | |
| 901 | t | Тип документа | m | |
| 905 | b | Дата создания записи обработка | 27.08.24 | |
| 952 | e | Факультет | *ИСФ* | |
| a | Тип литературы для КСУ ВШ | *Н* | ||
| 990 | h | N записи в КСУ для Б/У (DOS) | 28/2024 | |
| 990 | f | Даты поступлений (DOS) | 02.07.24 | |
| g | Размещение заказа (DOS) | пожертвование от Общественной Палаты | ||
| j | Количество экземпляров (DOS) | 1 |